003150000a22001210004500060000800000082001600008100001800024245002700042260005100069260000900120300000800129650005600137 a100 a574.188 BAY aBayliss, L E aLiving control systems aLondon, The English Universities Press Limited c1966 a189 aBiochemistry/ Living control system/ Linear systems